000
00291nam a22001337a 4500
008
170627b xxu||||| |||| 00| 0 eng d
020
_a
9780205737161
041
_a
eng
080
_a
82
100
_a
21
101
_a
GJL
245
_a
THE SKILLED READER
_c
HENRY.D.J
942
_2
udc
_c
BK
999
_c
19219
_d
19219